000
00312nam a22001337a 4500
008
171010b xxu||||| |||| 00| 0 eng d
020
_a
9781412940832
041
_a
eng
080
_2
6 ED
_a
316
100
_a
50
101
_a
SOC
245
_a
ADVENTURES IN SOCIAL RESEARCH
_c
BABBIE.E
942
_2
udc
_c
BK
999
_c
32926
_d
32926